000 01532nam a2200277 i 4500
001 16326
003 DO-SdUEMH
005 20260202170933.0
007 ta
008 211105s2008||||dr a|||gr|||| 0|| | spa d
040 _aDO-SdUEMH
_bspa
_erda
041 _aspa
082 1 4 _aRD352.48 R426P 2008
_mRD
084 _b12-00152
110 _aRepública Dominicana: Secretaría de Estado de Hacienda: Dirección General de Presupuesto
245 0 _aPresupuesto de Ingresos y Ley de Gastos Públicos:
_bpresupuesto del gobierno central
260 _c2008
264 1 _aSanto Domingo, República Dominicana :
_c2008
300 _a667 páginas :
_bilustraciones ;
_c27 cm.
336 _2rdacontent
_atexto
_btxt
337 _2rdamedia
_asin mediación
_bn
338 _2rdacarrier
_avolumen
_bnc
505 2 _aPrimera parte -- Presupuesto de Ingresos y Ley de Gastos Públicos -- Segunda parte -- Información de los Ingresos -- Gráficos sobre los Ingresos -- Información de los Egresos -- Recursos Externos y Contrapartidas según Institución -- Transferencias a Instituciones por Fuente de Financiamiento -- Proyecto por Programa Fondo y Organismo Financiador -- Programas para el Logro de los Objetivos del Desarrollo del Milenio -- Gráficos sobre los Gastos -- Información de la Cuenta Ahorro Inversión Financiamiento -- Tercera parte -- Distribución Institucional de los Gastos Presupuestados -- Cuarta parte -- Transferencias Corrientes a Organizaciones No Gubernamentales (ONG’s).
942 _2ddc
_cBK
_n0
999 _c16326
_d16326